<?xml version="1.0" encoding="UTF-8"?>
<record
    xmlns:xsi="http://www.w3.org/2001/XMLSchema-instance"
    xsi:schemaLocation="http://www.loc.gov/MARC21/slim http://www.loc.gov/standards/marcxml/schema/MARC21slim.xsd"
    xmlns="http://www.loc.gov/MARC21/slim">

  <leader>01443    a2200193   4500</leader>
  <controlfield tag="001">59417</controlfield>
  <controlfield tag="005">20260407155848.0</controlfield>
  <controlfield tag="008">260407a1968    arg                 spa d</controlfield>
  <controlfield tag="003">AR-UNSa-BCEJYS</controlfield>
  <datafield tag="040" ind1=" " ind2=" ">
    <subfield code="a">AR-UNSa-BCEJYS</subfield>
    <subfield code="b">spa</subfield>
    <subfield code="c">AR-UNSa-BCEJYS</subfield>
  </datafield>
  <datafield tag="080" ind1=" " ind2=" ">
    <subfield code="a">338.1(8)</subfield>
    <subfield code="x">Situaci&#xF3;n econ&#xF3;mica. Ciclos. Desarrollo de la estructura econ&#xF3;mica en Am&#xE9;rica del sur. Estados y regiones de Am&#xE9;rica del sur. Am&#xE9;rica latina. Iberoam&#xE9;rica</subfield>
  </datafield>
  <datafield tag="245" ind1="1" ind2="0">
    <subfield code="a">La rep&#xFA;blica Dominicana y la integraci&#xF3;n econ&#xF3;mica de Am&#xE9;rica Latina</subfield>
  </datafield>
  <datafield tag="264" ind1=" " ind2="1">
    <subfield code="a">Buenos Aires :</subfield>
    <subfield code="b">BID/INTAL (Banco Interamericano de Desarrollo. Instituto para la integraci&#xF3;n de Am&#xE9;rica Latina)</subfield>
    <subfield code="c">1968</subfield>
  </datafield>
  <datafield tag="300" ind1=" " ind2=" ">
    <subfield code="a">269 p.</subfield>
    <subfield code="c">23 cm.</subfield>
  </datafield>
  <datafield tag="505" ind1=" " ind2=" ">
    <subfield code="a">1. Observaciones preliminares &#x2013; 2. El desarrollo econ&#xF3;mico de la Rep&#xFA;blica Dominicana. Los problemas de base &#x2013; 3. El sector externo de la econom&#xED;a dominicana. Su estructura e instituciones &#x2013; 4. Las ventajas generales de la integraci&#xF3;n econ&#xF3;mica y el caso de la Rep&#xFA;blica Dominicana &#x2013; 5. Posibilidades, problemas y limitaciones de una mayor relaci&#xF3;n entre la Rep&#xFA;blica Dominicana y Hait&#xED; &#x2013; 6. Las relaciones econ&#xF3;micas de la Rep&#xFA;blica Dominicana con el &#xE1;rea del Caribe &#x2013; 7. La aproximaci&#xF3;n de la Rep&#xFA;blica Dominicana al Mercado Com&#xFA;n Centroamericano &#x2013; 8. La Rep&#xFA;blica Dominicana ante la ALALC &#x2013; 9. Resumen y conclusiones</subfield>
  </datafield>
  <datafield tag="942" ind1=" " ind2=" ">
    <subfield code="c">BK</subfield>
  </datafield>
  <datafield tag="590" ind1=" " ind2=" ">
    <subfield code="a">niveau_biblio:m niveau_hierar:0</subfield>
  </datafield>
  <datafield tag="100" ind1="1" ind2=" ">
    <subfield code="a">Tamames, Ram&#xF3;n</subfield>
  </datafield>
  <datafield tag="999" ind1=" " ind2=" ">
    <subfield code="c">6672</subfield>
    <subfield code="d">6672</subfield>
  </datafield>
  <datafield tag="952" ind1=" " ind2=" ">
    <subfield code="0">0</subfield>
    <subfield code="1">0</subfield>
    <subfield code="4">0</subfield>
    <subfield code="7">0</subfield>
    <subfield code="a">BCEJYS</subfield>
    <subfield code="b">BCEJYS</subfield>
    <subfield code="c">16</subfield>
    <subfield code="d">2026-04-07</subfield>
    <subfield code="l">0</subfield>
    <subfield code="o">338.1(8) T153</subfield>
    <subfield code="p">L44067</subfield>
    <subfield code="r">2026-04-07 15:58:48</subfield>
    <subfield code="w">2026-04-07</subfield>
    <subfield code="y">L</subfield>
  </datafield>
</record>
